000 003880000a22001450004500
090 _aAR
_b01438
245 1 0 _aMuestreo por captura y recaptura
650 1 4 _aModelos de población
_994415
650 1 4 _aMétodos de muestreo
_993496
650 1 4 _aDemografía
_94447
041 0 _aEspañol
100 1 _aPollock, Kenneth H.
_994756
942 _cARTICULO
773 1 _tPreprint
_33
_q55-102
_d1995
999 _c10522
_d10522